000 00298nam a22001337a 4500
008 180306b xxu||||| |||| 00| 0 eng d
020 _a027011093913
041 _aeng
080 _a591
100 _a7
101 _azoo
245 _aaquariumm fish surival manual
_cbrian.w
942 _2udc
_cBK
999 _c44230
_d44230